[Event "Mistrzostwa Polski Mlodzikow do lat 10 - Chlopcy"]
[Site "Karpacz"]
[Date "1899-12-30"]
[Round "7.20"]
[White "Kozera, Dawid"]
[Black "Jendrowiak, Maciej"]
[Result "0-1"]
[WhiteTitle "II"]
[BlackTitle "III"]
[WhiteElo "1221"]
[BlackElo "1143"]

1. e4 e5 2. Nf3 Nc6 3. d4 exd4 4. Nxd4 Bc5 5. Be3 Qf6 6. c3 Qg6 7. f3 Nge7 8. Nd2
Bxd4 9. Bxd4 Nxd4 10. cxd4 c6 11. Nb3 d5 12. Qc2 dxe4 13. fxe4 O-O 14. Bd3 f5
15. O-O Bd7 16. Nc5 fxe4 17. Bc4+ Nd5 18. Bxd5+ cxd5 19. Rxf8+ Rxf8 20. Nxd7 Rd8
21. Ne5 Qb6 22. Qc3 Re8 23. Qc5 Qxc5 24. dxc5 Rxe5 25. Rc1 e3 26. Kf1 d4 27. Ke2
Kf7 28. b4 Ke6 29. Rf1 Rf5 30. Rxf5 Kxf5 31. a4 Ke4 32. b5 d3+ 33. Kd1 d2 34.
Ke2 Kd5 35. c6 bxc6 36. a5 cxb5 37. a6 b4 38. g4 g5 39. h4 h6 40. hxg5 hxg5 41.
Kd1 b3 42. Ke2 b2 43. Kxe3 d1=Q 44. Kf2 b1=R 45. Ke3 Qb3+ 46. Kd2 Rb2+ 47. Ke1
Qa2 48. Kd1 Rb1# 0-1

[Event "Mistrzostwa Polski Mlodzikow do lat 10 - Chlopcy"]
[Site "Karpacz"]
[Date "1899-12-30"]
[Round "7.21"]
[White "Iwaszkiewicz, Grzegorz"]
[Black "Baszczynski, Gabriel"]
[Result "1/2-1/2"]
[WhiteTitle "II"]
[BlackTitle "III"]
[WhiteElo "1330"]
[BlackElo "1059"]

1. d4 Nf6 2. Bg5 e6 3. e3 h6 4. Bh4 c5 5. c3 b6 6. Nf3 Bb7 7. Nbd2 d5 8. Be2 g5
9. Bg3 Bd6 10. Ne5 Nbd7 11. Nxf7 Kxf7 12. Bxd6 Nf8 13. Be5 Ng6 14. Bh5 Rg8 15.
h3 Kg7 16. Bxg6 Kxg6 17. Nf3 Ba6 18. Qa4 Bd3 19. Bxf6 Kxf6 20. Ne5 Be4 21. f3
Bf5 22. g4 Bh7 23. Kd2 Qc7 24. h4 Bg6 25. hxg5+ hxg5 26. Rh6 Rac8 27. Qc2 cxd4
28. Rxg6+ Kxe5 29. cxd4+ Kd6 30. Qxc7+ Kxc7 31. Rc1+ Kb7 32. Rxc8 Rxc8 33. Rxe6
Rh8 34. Re7+ Ka6 35. Re5 Rh2+ 36. Kc3 Re2 37. a4 Ka5 38. Rxd5+ Kxa4 39. b3+ Ka3
40. Kd3 Rf2 41. Rxg5 Rxf3 42. Rb5 Rf1 43. g5 Kb2 44. d5 Rg1 45. d6 Rd1+ 46. Ke4
Rxd6 47. Ke5 Rc6 48. e4 a6 49. Rb4 b5 50. Rd4 Kxb3 51. Rd6 Rc5+ 52. Kf6 Rc1 53.
Rxa6 Rf1+ 54. Kg7 Kc4 55. e5 Rf5 56. g6 Rxe5 57. Kf7 Rg5 58. Kf6 Rg1 59. g7 b4
60. Ra8 b3 61. g8=Q+ Rxg8 62. Rxg8 b2 63. Rb8 Kc3 64. Ke5 Kc2 65. Rc8+ Kd2 66.
Rb8 Kc2 1/2-1/2

[Event "Mistrzostwa Polski Mlodzikow do lat 10 - Chlopcy"]
[Site "Karpacz"]
[Date "1899-12-30"]
[Round "7.22"]
[White "Zieba, Hubert"]
[Black "Wielgus, Wojciech"]
[Result "1/2-1/2"]
[WhiteTitle "II"]
[BlackTitle "II"]
[WhiteElo "1171"]
[BlackElo "1440"]

1. c4 e5 2. Nc3 Nf6 3. g3 c6 4. Bg2 d5 5. cxd5 cxd5 6. d3 Nc6 7. Bg5 d4 8. Ne4
Qa5+ 9. Bd2 Qd8 10. Nxf6+ Qxf6 11. Nf3 h6 12. a3 Be7 13. b4 a6 14. O-O O-O 15.
Qc2 Bd7 16. Rfc1 Rfc8 17. Qd1 Bf8 18. Qf1 Kh8 19. Ne1 Rab8 20. f4 exf4 21. Qxf4
Qxf4 22. Bxf4 Ra8 23. Nf3 Re8 24. Kf2 Kg8 25. Rc4 Be6 26. Rcc1 Bd7 27. Rc4 Be6
28. Rcc1 Bd7 29. Rc4 Be6 30. Rcc1 1/2-1/2

[Event "Mistrzostwa Polski Mlodzikow do lat 10 - Chlopcy"]
[Site "Karpacz"]
[Date "1899-12-30"]
[Round "7.23"]
[White "Klisowski, Bartosz"]
[Black "Musial, Igor"]
[Result "1/2-1/2"]
[WhiteTitle "II"]
[BlackTitle "II"]
[WhiteElo "1166"]
[BlackElo "1258"]

1. d4 d5 2. c4 e6 3. Nf3 Nf6 4. Nc3 c6 5. e3 Be7 6. Bd2 Nbd7 7. cxd5 exd5 8. Bd3
Nb6 9. b3 h6 10. h3 Be6 11. O-O O-O 12. Rc1 Bd6 13. Ne5 Nbd7 14. Nxd7 Qxd7 15.
Qf3 Nh7 16. Bxh7+ Kxh7 17. e4 dxe4 18. Nxe4 f5 19. Nxd6 Qxd6 20. Bc3 Qd5 21. Qxd5
Bxd5 22. Rfe1 Rfe8 23. f3 g5 24. Bb4 Kg7 25. Bd6 f4 26. Be5+ Kg6 27. Kf2 Re6 28.
Re2 Rae8 29. Rce1 b5 30. b4 Bc4 31. Rc2 Bd5 32. Ra1 a6 33. Rc3 Bc4 34. a3 R6e7
35. Rd1 Re6 36. Ra1 R6e7 37. Rd1 Re6 38. Ra1 R6e7 39. Rd1 Re6 40. Ra1 R6e7 41.
Rd1 Re6 1/2-1/2

[Event "Mistrzostwa Polski Mlodzikow do lat 10 - Chlopcy"]
[Site "Karpacz"]
[Date "1899-12-30"]
[Round "7.24"]
[White "Janeczko, Jakub"]
[Black "Warchol, Kamil"]
[Result "0-1"]
[WhiteTitle "II"]
[BlackTitle "II"]
[WhiteElo "1128"]
[BlackElo "1178"]

1. e4 e5 2. Nf3 Nc6 3. d4 exd4 4. Nxd4 Bc5 5. Be3 Qf6 6. c3 Nge7 7. Bc4 Ne5 8.
Bb3 d6 9. Nd2 O-O 10. Qc2 b6 11. f3 Ba6 12. c4 Qg6 13. Rg1 Bb4 14. O-O-O Bb7 15.
Rdf1 a5 16. a3 Bc5 17. h3 f5 18. exf5 Nxf5 19. Nxf5 Qxf5 20. Bxc5 bxc5 21. Qxf5
Rxf5 22. Bc2 Rf4 23. Kb1 Raf8 24. b3 g6 25. Be4 Rb8 26. Kc2 Kf7 27. Bxb7 Rxb7
28. g3 Rf5 29. f4 Nc6 30. g4 Nd4+ 31. Kd1 Rf6 32. Ne4 Rxb3 33. Nxf6 Kxf6 34. h4
Rb1+ 35. Kd2 Nf3+ 36. Kc2 Rxf1 37. Rxf1 Nh2 38. g5+ Kf5 39. Rh1 Ng4 40. h5 Kxf4
41. Rh4 Kxg5 42. hxg6 hxg6 43. Rh7 Ne5 44. Kb3 Kf4 45. Rxc7 g5 46. Rc8 g4 47.
Ka4 g3 48. Kxa5 g2 49. Rf8+ Kg3 50. Rg8+ Ng4 51. Kb6 g1=Q 52. a4 Qb1+ 53. Ka6
Qb4 54. a5 Qxc4+ 55. Kb7 Qxg8 56. a6 c4 57. Ka7 Qc8 58. Kb6 c3 59. Ka7 c2 60.
Kb6 c1=Q 61. Ka7 Q1c7# 0-1

[Event "Mistrzostwa Polski Mlodzikow do lat 10 - Chlopcy"]
[Site "Karpacz"]
[Date "1899-12-30"]
[Round "7.25"]
[White "Wierzbicki, Dawid"]
[Black "Labedzki, Kamil"]
[Result "1/2-1/2"]
[WhiteTitle "II"]
[BlackTitle "II"]
[WhiteElo "1441"]
[BlackElo "1131"]

1. e4 e5 2. Nf3 Nc6 3. Bc4 Bc5 4. O-O Nf6 5. d3 d6 6. h3 O-O 7. Nc3 h6 8. Be3 Bxe3
9. fxe3 Na5 10. Bb3 Nxb3 11. axb3 Be6 12. Re1 c6 13. d4 Qc7 14. d5 Bd7 15. Kh2
c5 16. Qd3 a6 17. Ne2 b5 18. c4 Rfb8 19. Reb1 bxc4 20. bxc4 a5 21. Nc3 Rb3 22.
Qc2 Rb4 23. b3 Rab8 24. Nd2 Qa7 25. Ra2 Ra8 26. Rba1 Qc7 27. Ra3 Rb7 28. Qa2 Rba7
29. Nf1 Qb6 30. Nd2 Qb4 31. Qc2 Kh8 32. Na4 Kg8 33. Nb2 Kh8 34. Nd3 Qb6 35. Qa2
Kg8 36. Qc2 Kh8 37. Nb2 Qb4 38. Nd3 Qb6 39. Kg1 Kg8 40. Nf2 Qb4 41. Nd3 Qb6 42.
Nb2 Qb4 1/2-1/2

[Event "Mistrzostwa Polski Mlodzikow do lat 10 - Chlopcy"]
[Site "Karpacz"]
[Date "1899-12-30"]
[Round "7.26"]
[White "Pancewicz, Szymon"]
[Black "Jurewicz, Igor"]
[Result "1-0"]
[WhiteTitle "II"]
[BlackTitle "III"]
[WhiteElo "1421"]
[BlackElo "1104"]

1. e4 c5 2. Nf3 e6 3. d4 cxd4 4. Nxd4 Nf6 5. Nc3 d6 6. Bc4 a6 7. Bg5 Be7 8. O-O
h6 9. Bxf6 Bxf6 10. Bb3 O-O 11. Kh1 b5 12. a3 Qb6 13. Nde2 Nd7 14. a4 b4 15. a5
Qc7 16. Na4 Qxa5 17. Qxd6 Qh5 18. Ng3 Qb5 19. f4 Rd8 20. Rfe1 Bb7 21. f5 Be5 22.
Qe7 Re8 23. Qh4 Bxg3 24. Qxg3 exf5 25. exf5 Qxf5 26. Rf1 Qe4 27. Bxf7+ Kh8 28.
Bxe8 Rxe8 29. Rf7 Rg8 30. Rxd7 Bc6 31. Rc7 Bxa4 32. Rxa4 Qd4 33. h3 Rf8 34. Kh2
Qxb2 35. Rxa6 Rg8 36. Raa7 Qd4 37. Rab7 Qf6 38. Rf7 Qd4 39. Rbd7 Qb2 40. Qf4 Qc3
41. Qxh6+ gxh6 42. Rh7# 1-0

[Event "Mistrzostwa Polski Mlodzikow do lat 10 - Chlopcy"]
[Site "Karpacz"]
[Date "1899-12-30"]
[Round "7.27"]
[White "Leski, Franciszek"]
[Black "Bartodziej, Bartosz"]
[Result "1-0"]
[WhiteTitle "III"]
[BlackTitle "II"]
[WhiteElo "1071"]
[BlackElo "1263"]

1. e4 c5 2. Nf3 a6 3. c4 d6 4. Nc3 Bg4 5. d3 Nc6 6. Be3 Qb6 7. Nd5 Qd8 8. h3 Bxf3
9. Qxf3 e6 10. Nc3 Ne5 11. Qd1 Nf6 12. d4 cxd4 13. Bxd4 Nc6 14. Be2 Be7 15. O-O
O-O 16. Kh1 Rc8 17. f4 e5 18. Be3 Qa5 19. Na4 Qd8 20. Nb6 Rb8 21. Qc2 Nb4 22.
Qb1 Qc7 23. a3 Nc6 24. Nd5 Nxd5 25. cxd5 Nd8 26. Qe1 Bf6 27. Rc1 Qe7 28. Bb6 exf4
29. Qb4 Be5 30. Rc7 Qh4 31. Bf3 h6 32. Bf2 Qf6 33. b3 Re8 34. Bh5 Re7 35. Rfc1
Rxc7 36. Rxc7 g6 37. Bf3 g5 38. Bb6 Qg7 39. Rd7 Qf8 40. Bc7 Rc8 41. Bxd6 Bxd6
42. Qxd6 Qxd6 43. Rxd6 Kg7 44. Kg1 f6 45. Kf1 Kg6 46. Ke2 h5 47. e5 Nf7 48. Rxf6+
Kg7 49. Re6 Rc3 50. Kd2 Rxb3 51. Re7 Kf8 52. d6 b5 53. Bxh5 Re3 54. Rxf7+ Kg8
55. d7 1-0

[Event "Mistrzostwa Polski Mlodzikow do lat 10 - Chlopcy"]
[Site "Karpacz"]
[Date "1899-12-30"]
[Round "7.28"]
[White "Podlewski, Szymon"]
[Black "Borowik, Karol"]
[Result "1/2-1/2"]
[WhiteTitle "II"]
[BlackTitle "III"]
[WhiteElo "1243"]
[BlackElo "1016"]

1. e4 e5 2. Nf3 Nc6 3. d4 exd4 4. Bc4 Bc5 5. O-O d6 6. Ng5 Ne5 7. Bb3 h6 8. Nf3
Bg4 9. Nbd2 Ne7 10. Bc4 Bxf3 11. gxf3 g5 12. Be2 N7g6 13. Nb3 Bb6 14. Nxd4 Nh4
15. Nb3 Qd7 16. Kh1 Qh3 17. Rg1 Bxf2 18. Qf1 Qxf1 19. Rxf1 Bb6 20. f4 Neg6 21.
fxg5 hxg5 22. Bxg5 Ne5 23. Bf6 Rh6 24. Bxe5 dxe5 25. Nd2 Rd8 26. Nc4 f6 27. Nxb6
axb6 28. Bd3 c6 29. Rf2 Rd6 30. b3 Ke7 31. Re1 b5 32. Ree2 Rd8 33. Kg1 b4 34.
Kf1 c5 35. Ke1 Ng6 36. Rd2 Nf4 37. Kd1 Rh3 38. Bf1 Rxd2+ 39. Rxd2 Rh4 40. Kc1
Ne6 41. Bd3 Ng5 42. Re2 Ne6 43. Rd2 1/2-1/2

[Event "Mistrzostwa Polski Mlodzikow do lat 10 - Chlopcy"]
[Site "Karpacz"]
[Date "1899-12-30"]
[Round "7.29"]
[White "Wydmanski, Szymon"]
[Black "Karp, Kacper"]
[Result "1-0"]
[WhiteTitle "II"]
[BlackTitle "II"]
[WhiteElo "1181"]
[BlackElo "1078"]

1. e4 c5 2. Nf3 e6 3. c4 d6 4. Nc3 Nf6 5. d4 cxd4 6. Nxd4 a6 7. Bd3 Qc7 8. Bg5
Nbd7 9. O-O Be7 10. Kh1 O-O 11. f4 Nc5 12. Bc2 b6 13. b4 Ncd7 14. Qd3 Rd8 15.
f5 Ne5 16. Qe2 Qxc4 17. Qxc4 Nxc4 18. Bb3 Ne5 19. fxe6 fxe6 20. Nxe6 Bxe6 21.
Bxe6+ Kh8 22. Bxf6 Bxf6 23. Nd5 Bg5 24. Nxb6 Rab8 25. Nd5 Re8 26. Nc7 Re7 27.
Nxa6 Ra8 28. Bd5 Rae8 29. b5 Be3 30. a4 Nd3 31. Ra2 Nf4 32. Bc6 Rf8 33. g3 Ne6
34. Rxf8+ Nxf8 35. a5 Rf7 36. b6 Ne6 37. b7 h6 38. b8=Q+ Kh7 39. Bd5 Rf1+ 40.
Kg2 Rg1+ 41. Kf3 Ng5+ 42. Kxe3 Re1+ 43. Kf2 Nf3 44. Kxf3 Rf1+ 45. Kg4 h5+ 46.
Kxh5 g6+ 47. Kg5 Rf8 48. Qc7+ Kh8 49. Kh6 Rf7 50. Qd8+ Rf8 51. Qxf8# 1-0

[Event "Mistrzostwa Polski Mlodzikow do lat 10 - Chlopcy"]
[Site "Karpacz"]
[Date "1899-12-30"]
[Round "7.31"]
[White "Maciejek, Marcel"]
[Black "Sowinski, Pawel"]
[Result "1-0"]
[WhiteTitle "II"]
[BlackTitle "III"]
[WhiteElo "1104"]
[BlackElo "1192"]

1. e4 c5 2. Nf3 Nc6 3. d4 cxd4 4. Nxd4 Nxd4 5. Qxd4 d6 6. Qa4+ Bd7 7. Qb3 Rb8 8.
Bc4 e6 9. O-O Be7 10. Bf4 Bc6 11. Nd2 Qd7 12. a4 b5 13. axb5 Bxb5 14. Qd3 Bxc4
15. Qxc4 e5 16. Be3 Ra8 17. Ra2 a5 18. Rfa1 Bd8 19. Nb3 Rc8 20. Qa4 Qxa4 21. Rxa4
Rxc2 22. Nxa5 Rxb2 23. Nc6 Kd7 24. Nxd8 Kxd8 25. Ra7 Ne7 26. Rc1 Rb8 27. h3 Rf8
28. Rcc7 Rb1+ 29. Kh2 Nc8 30. Rd7+ Ke8 31. Rac7 Rb8 32. Bg5 f6 33. Be3 Rg8 34.
g4 h6 35. h4 Nb6 36. Rxd6 Nc8 37. Rdd7 Nb6 38. Rd3 Na4 39. g5 hxg5 40. hxg5 fxg5
41. Bxg5 Rh8+ 42. Kg2 Rg8 43. Rdd7 1-0

[Event "Mistrzostwa Polski Mlodzikow do lat 10 - Chlopcy"]
[Site "Karpacz"]
[Date "1899-12-30"]
[Round "7.32"]
[White "Pawlowski, Kamil"]
[Black "Michno, Mateusz"]
[Result "1-0"]
[WhiteTitle "III"]
[BlackTitle "III"]
[WhiteElo "1060"]
[BlackElo "1213"]

1. e4 e5 2. Nf3 Nc6 3. Bc4 Bc5 4. Nc3 Nf6 5. d3 h6 6. Be3 Bb6 7. O-O O-O 8. d4
exd4 9. Nxd4 Nxd4 10. Bxd4 d6 11. e5 dxe5 12. Bxe5 Bg4 13. Bxf6 Qxf6 14. Qxg4
Rad8 15. Nd5 Qxb2 16. Nxb6 Qxb6 17. Bd3 Qc6 18. Qf5 g6 19. Qh3 h5 20. f4 Qd6 21.
f5 Qd4+ 22. Kh1 Rd6 23. fxg6 fxg6 24. Rxf8+ Kxf8 25. Rf1+ Kg7 26. Qf3 Rd7 27.
Qf8+ Kh7 28. Rf7+ Rxf7 29. Qxf7+ Kh8 30. h3 Qg7 31. Qxg6 Qxg6 32. Bxg6 h4 33.
Kg1 Kg7 34. Bd3 Kf6 35. Kf2 Ke5 36. Bc4 Kf4 37. Bb3 b6 38. a3 c6 39. a4 a5 40.
c3 c5 41. c4 Ke4 42. g3 hxg3+ 43. Kxg3 Kf5 44. h4 Kg6 45. Kf4 Kh5 46. Ke5 Kxh4
47. Kd6 Kg5 48. Kc6 Kf6 49. Kxb6 Ke7 50. Kxc5 Kd7 51. Kb5 Kc7 52. Kxa5 Kc6 53.
Kb4 Kb6 54. c5+ Kc6 55. a5 Kb7 56. Kb5 Kb8 57. Bd5 Ka7 58. a6 Kb8 59. Kb6 Kc8
60. a7 1-0

[Event "Mistrzostwa Polski Mlodzikow do lat 10 - Chlopcy"]
[Site "Karpacz"]
[Date "1899-12-30"]
[Round "7.33"]
[White "Ratajczak, Marcin"]
[Black "Sokolowski, Hubert"]
[Result "1-0"]
[WhiteTitle "III"]
[BlackTitle "III"]
[WhiteElo "1122"]
[BlackElo "1057"]

1. e4 c5 2. Nf3 d6 3. d4 cxd4 4. Nxd4 Nf6 5. Nc3 a6 6. Bc4 e5 7. Nf3 Be7 8. Be3
O-O 9. h4 Bg4 10. Be2 Be6 11. h5 Nc6 12. h6 g6 13. Nd5 Bxd5 14. exd5 Qa5+ 15.
Qd2 Qxd2+ 16. Bxd2 Nxd5 17. O-O-O Nf6 18. Bg5 Rfd8 19. a3 b5 20. Nd2 Nd7 21. Bxe7
Nxe7 22. Bf3 Rab8 23. Ne4 d5 24. Nc3 Nb6 25. Rde1 e4 26. Bd1 f5 27. f3 Kf7 28.
fxe4 dxe4 29. g4 Rg8 30. Rhf1 Rbf8 31. Nxe4 Ke8 32. gxf5 gxf5 33. Bh5+ Ng6 34.
Nf6+ Kd8 35. Nxg8 Rxg8 36. Rd1+ Kc7 37. Rxf5 Ne7 38. Rf7 Nbc8 39. Rxh7 Kb6 40.
Rg7 Rh8 41. h7 Kc6 42. Bf3+ Kc7 43. Bg4 Kb8 44. Bxc8 Nxc8 45. Rdd7 a5 46. Rg8
Rxh7 47. Rxh7 b4 48. c4 bxa3 49. bxa3 a4 50. c5 Ka8 51. Rxc8# 1-0

[Event "Mistrzostwa Polski Mlodzikow do lat 10 - Chlopcy"]
[Site "Karpacz"]
[Date "1899-12-30"]
[Round "8.1"]
[White "Madej, Marek"]
[Black "Klimkowski, Jan"]
[Result "1-0"]
[WhiteTitle "II+"]
[BlackTitle "II"]
[WhiteElo "1541"]
[BlackElo "1492"]

1. e4 c5 2. Nf3 d6 3. d4 cxd4 4. Nxd4 Nf6 5. Nc3 a6 6. f4 e5 7. Nf3 exf4 8. Bxf4
Be6 9. Qd2 b5 10. a3 Be7 11. O-O-O O-O 12. Bxd6 Nbd7 13. e5 Ng4 14. Ne4 Bxd6 15.
exd6 Rc8 16. Bd3 Nge5 17. Neg5 g6 18. Nxe5 Nxe5 19. Nxe6 fxe6 20. Be2 Qd7 21.
Qe3 Nc4 22. Bxc4 Rxc4 23. Rhe1 Re8 24. Rd4 Rc6 25. Qe5 Rcc8 26. c3 a5 27. h4 Rb8
28. h5 b4 29. hxg6 h5 30. Qxh5 bxc3 31. Qh7+ Qxh7 32. gxh7+ Kxh7 33. Rg4 cxb2+
34. Kb1 1-0

[Event "Mistrzostwa Polski Mlodzikow do lat 10 - Chlopcy"]
[Site "Karpacz"]
[Date "1899-12-30"]
[Round "8.2"]
[White "Karwacki, Piotr"]
[Black "Dziewonski, Dariusz"]
[Result "0-1"]
[WhiteTitle "II+"]
[BlackTitle "II+"]
[WhiteElo "1536"]
[BlackElo "1476"]

1. e4 c5 2. Ne2 d6 3. g3 g6 4. c3 Bg7 5. d4 cxd4 6. cxd4 Nd7 7. Bg2 Ngf6 8. Nbc3
O-O 9. O-O Rb8 10. a4 b6 11. f4 Bb7 12. b4 a6 13. f5 Qc7 14. fxg6 hxg6 15. Bd2
Rbc8 16. Rc1 Qb8 17. Bf4 Rc4 18. e5 Nh5 19. exd6 Nxf4 20. dxe7 Re8 21. gxf4 Rxb4
22. Nd5 Bxd5 23. Bxd5 Rxe7 24. Qd3 Qd6 25. Rc8+ Nf8 26. Rc4 Rxe2 27. Qxe2 Bxd4+
28. Rxd4 Rxd4 29. Bb3 Rxf4 30. Rxf4 Qxf4 31. Qa2 Nd7 32. Qb1 Ne5 33. Qc2 Qe3+
34. Kh1 Kg7 35. Qb1 Nf3 36. Bd5 Qe1+ 37. Qxe1 Nxe1 38. Be4 f5 39. Bb7 a5 40. Kg1
Nd3 41. Kf1 Kf6 42. Ke2 Nc5 43. Bc6 Ke5 44. h4 f4 45. Be8 Kf5 46. Kf3 g5 47. hxg5
Kxg5 48. Bb5 Kf5 49. Be8 Ke5 50. Bb5 Nb3 51. Be8 Nd4+ 52. Kf2 Kd5 53. Bd7 Kc4
54. Be8 Kb4 55. Bd7 Kc5 56. Be8 Kb4 57. Kg2 Ne2 58. Kf3 Nc3 59. Kxf4 Nxa4 60.
Ke3 Nc5 61. Kd2 a4 62. Kc2 b5 63. Kb2 Nb7 64. Ka2 Nd6 65. Bd7 Kc4 66. Ka3 Kc5
67. Kb2 Nc4+ 68. Ka2 Nb6 69. Be8 b4 70. Bf7 Kd4 71. Be8 Kc3 72. Bc6 Kc2 73. Be4+
Kc1 74. Bc6 b3+ 75. Ka3 b2 76. Be4 b1=Q 77. Bxb1 Kxb1 78. Kb4 Kb2 0-1

[Event "Mistrzostwa Polski Mlodzikow do lat 10 - Chlopcy"]
[Site "Karpacz"]
[Date "1899-12-30"]
[Round "8.3"]
[White "Fiszer, Bartosz"]
[Black "Kejna, Piotr"]
[Result "1-0"]
[WhiteTitle "CM"]
[BlackTitle "CM"]
[WhiteElo "1651"]
[BlackElo "1441"]

1. e4 c5 2. Nf3 d6 3. d4 cxd4 4. Nxd4 Nf6 5. Nc3 a6 6. Nb3 e5 7. Bg5 Be7 8. Bxf6
Bxf6 9. Qd3 Be6 10. O-O-O Be7 11. g3 Nc6 12. f4 b5 13. Nd5 Rc8 14. a3 O-O 15.
Kb1 Bxd5 16. exd5 e4 17. Qxe4 Nb8 18. g4 Re8 19. Bd3 g6 20. Qf3 Bf6 21. h4 Bg7
22. g5 Qb6 23. Rhe1 a5 24. Re4 Rxe4 25. Qxe4 a4 26. Nc1 Na6 27. Na2 Qc5 28. f5
Be5 29. h5 Nc7 30. fxg6 fxg6 31. hxg6 Qd4 32. gxh7+ Kh8 33. Qxd4 Bxd4 34. Nb4
Bc5 35. g6 Bxb4 36. axb4 Nxd5 37. Bxb5 Nxb4 38. Rxd6 Nxc2 39. Bxa4 Ne3 40. Re6
Nf5 41. Re8+ Rxe8 42. Bxe8 Nd6 43. Bf7 Kg7 44. b4 Ne4 45. Kc2 Nd6 46. Kd3 Nb5
47. Kc4 Nc7 48. b5 Nxb5 49. Kxb5 Kh8 50. Kc4 Kg7 51. Kd4 Kh8 52. Ke4 Kg7 53. Kf5
Kh8 54. Bc4 Kg7 55. Kg5 Kh8 56. Bf1 Kg7 57. h8=Q+ Kxh8 58. Kh6 Kg8 59. Bc4+ Kf8
60. g7+ Ke7 61. g8=Q Kd6 62. Qd5+ Kc7 63. Qe6 Kb7 64. Qd6 Ka7 65. Qb4 Ka8 66.
Bd5+ Ka7 67. Qb7# 1-0

[Event "Mistrzostwa Polski Mlodzikow do lat 10 - Chlopcy"]
[Site "Karpacz"]
[Date "1899-12-30"]
[Round "8.4"]
[White "Adamala, Jacek"]
[Black "Paszkowski, Krystian"]
[Result "0-1"]
[WhiteTitle "II"]
[BlackTitle "II"]
[WhiteElo "1360"]
[BlackElo "1365"]

1. c4 e5 2. Nc3 Nf6 3. g3 Nc6 4. Bg2 g6 5. Nf3 Bg7 6. O-O O-O 7. d4 d6 8. d5 Ne7
9. e4 Ne8 10. b4 f5 11. Bb2 Nf6 12. Nd2 fxe4 13. Ndxe4 Nxe4 14. Nxe4 Nf5 15. f4
Ne3 16. Qb3 Nxf1 17. Rxf1 Qe7 18. c5 Bf5 19. fxe5 Bxe5 20. Bxe5 Qxe5 21. Ng5 Bg4
22. Ne6 Rxf1+ 23. Bxf1 Bxe6 24. dxe6 d5 25. e7 c6 26. b5 Qxe7 27. Qa3 Rf8 28.
bxc6 bxc6 29. Qc3 Qf6 30. Qe1 Qd4+ 31. Kg2 Qe4+ 32. Qxe4 dxe4 33. Be2 e3 34. Bf3
g5 35. g4 Rf4 36. h3 Kf7 37. a4 Ke6 38. h4 gxh4 39. g5 Rxf3 40. g6 Rg3+ 41. Kh1
hxg6 42. a5 e2 43. Kh2 e1=Q 44. a6 Qg1# 0-1

[Event "Mistrzostwa Polski Mlodzikow do lat 10 - Chlopcy"]
[Site "Karpacz"]
[Date "1899-12-30"]
[Round "8.5"]
[White "Demski, Michal"]
[Black "Doskocz, Karol"]
[Result "1/2-1/2"]
[WhiteTitle "II"]
[BlackTitle "II"]
[WhiteElo "1305"]
[BlackElo "1311"]

1. e4 c5 2. Nf3 d6 3. d4 cxd4 4. Nxd4 Nf6 5. Nc3 g6 6. f3 Bg7 7. Be3 O-O 8. Qd2
Nc6 9. O-O-O Bd7 10. h4 Nh5 11. g4 Ng3 12. Rg1 Nxf1 13. Rdxf1 Ne5 14. Qe2 Rc8
15. f4 Nc6 16. Rd1 Nxd4 17. Bxd4 Bxd4 18. Rxd4 Qb6 19. Rdd1 Bc6 20. h5 Kg7 21.
e5 Qb4 22. Qe3 dxe5 23. Qxe5+ f6 24. Qe3 a6 25. a3 Qc4 26. Qxe7+ Rf7 27. Qd6 Rd7
28. h6+ Kf7 29. Qb4 Rxd1+ 30. Rxd1 Qxb4 31. axb4 Rc7 32. Rd8 Bf3 33. g5 fxg5 34.
fxg5 Ke6 35. Rf8 Bg2 36. Kd2 Ke5 37. Ke3 Re7 38. Kf2 Bc6 39. Nd1 Kd4 40. Rf4+
Ke5 1/2-1/2

[Event "Mistrzostwa Polski Mlodzikow do lat 10 - Chlopcy"]
[Site "Karpacz"]
[Date "1899-12-30"]
[Round "8.6"]
[White "Zalega, Maciej"]
[Black "Malinowski, Szymon"]
[Result "0-1"]
[WhiteTitle "II"]
[BlackTitle "II+"]
[WhiteElo "1215"]
[BlackElo "1360"]

1. d4 d5 2. Nf3 e6 3. Bf4 Nf6 4. e3 Be7 5. Bd3 O-O 6. h3 b6 7. O-O Bb7 8. c4 c6
9. Nc3 Nbd7 10. Qe2 Rc8 11. a3 c5 12. cxd5 Nxd5 13. Nxd5 Bxd5 14. e4 Bb7 15. Rac1
cxd4 16. Rxc8 Bxc8 17. Nxd4 Bb7 18. b4 e5 19. Nf5 exf4 20. Rd1 Ne5 21. Ba6 Qc7
22. Bxb7 Qxb7 23. Qb2 Bf6 24. Qe2 Qc6 25. f3 Qc4 26. Qd2 Ng6 27. Qd7 Qb3 28. Rd3
Qb2 29. Kh2 Ne5 30. Rd2 Nxd7 31. Rxb2 Bxb2 0-1

[Event "Mistrzostwa Polski Mlodzikow do lat 10 - Chlopcy"]
[Site "Karpacz"]
[Date "1899-12-30"]
[Round "8.7"]
[White "Meers, Hubert"]
[Black "Gromek, Pawel"]
[Result "1-0"]
[WhiteTitle "I"]
[BlackTitle "II"]
[WhiteElo "1555"]
[BlackElo "1231"]

1. e4 e6 2. d4 d5 3. Nd2 Nf6 4. e5 Nfd7 5. Bd3 c5 6. c3 Nc6 7. Ne2 cxd4 8. cxd4
Qb6 9. Nf3 f6 10. exf6 Nxf6 11. O-O Bd6 12. b3 O-O 13. Bf4 Qc7 14. Bxd6 Qxd6 15.
Rc1 Nh5 16. Ng3 Nf4 17. Bb1 g6 18. Re1 Bd7 19. Re3 Rae8 20. Qe1 Re7 21. Ne2 Rfe8
22. Ne5 Nxe2+ 23. Qxe2 Nxd4 24. Qb2 Nf5 25. Rh3 Rg7 26. Re1 Qb4 27. Rd1 Rc8 28.
Kh1 Bc6 29. a3 Qe7 30. Rc1 Qe8 31. Kg1 b6 32. Ng4 Qe7 33. Re1 Rf8 34. Qe5 Bd7
35. f4 h5 36. Bxf5 hxg4 37. Bxg4 Rf6 38. Rhe3 Kh7 39. f5 gxf5 40. Bxf5+ Kh8 41.
Bd3 1-0

[Event "Mistrzostwa Polski Mlodzikow do lat 10 - Chlopcy"]
[Site "Karpacz"]
[Date "1899-12-30"]
[Round "8.8"]
[White "Herwy, Jakub"]
[Black "Nowak, Filip"]
[Result "1-0"]
[WhiteTitle "II"]
[BlackTitle "II"]
[WhiteElo "1207"]
[BlackElo "1389"]

1. e4 e6 2. d4 d5 3. e5 c5 4. Nf3 cxd4 5. Nxd4 Nc6 6. Bf4 Qb6 7. Nb3 Nge7 8. Bd3
Ng6 9. Bxg6 hxg6 10. O-O Be7 11. N1d2 Bd7 12. Nf3 O-O-O 13. Nfd4 f6 14. Nxc6 Bxc6
15. Qg4 Be8 16. Be3 Qc6 17. Nd4 Qa6 18. Qxe6+ Qxe6 19. Nxe6 Rd7 20. Nxg7 Bf7 21.
e6 Bd6 22. exd7+ Kxd7 23. g3 Be5 24. c3 f5 25. Nxf5 gxf5 26. Bxa7 1-0

[Event "Mistrzostwa Polski Mlodzikow do lat 10 - Chlopcy"]
[Site "Karpacz"]
[Date "1899-12-30"]
[Round "8.9"]
[White "Krol, Jan"]
[Black "Rylski, Tadeusz"]
[Result "1-0"]
[WhiteTitle "II"]
[BlackTitle "II"]
[WhiteElo "1206"]
[BlackElo "1241"]

1. e4 c5 2. Nf3 g6 3. c4 Bg7 4. d4 cxd4 5. Nxd4 Qb6 6. Nb3 Nc6 7. Be3 Qc7 8. Bd4
Nxd4 9. Nxd4 Qb6 10. Nb3 Bxb2 11. N1d2 Bxa1 12. Qxa1 Qf6 13. e5 Qg7 14. Qd4 d6
15. exd6 Qxd4 16. Nxd4 exd6 17. Nb5 Kd7 18. g3 a6 19. Bh3+ Ke7 20. Nc7 Rb8 21.
Nd5+ Kd8 22. Bxc8 Rxc8 23. O-O Ne7 24. Nf6 Rc6 25. Nde4 Ng8 26. Nd5 f5 27. Ng5
Nh6 28. Re1 Rxc4 29. Ne6+ Ke8 30. Nec7+ Kf7 31. Re7+ Kg8 32. Ne6 Nf7 33. Nf6#
1-0

[Event "Mistrzostwa Polski Mlodzikow do lat 10 - Chlopcy"]
[Site "Karpacz"]
[Date "1899-12-30"]
[Round "8.10"]
[White "Grzadka, Artur"]
[Black "Kusiak, Mateusz"]
[Result "0-1"]
[WhiteTitle "II"]
[BlackTitle "II"]
[WhiteElo "1233"]
[BlackElo "1221"]

1. d4 d5 2. c4 c6 3. Nc3 Nf6 4. Nf3 dxc4 5. e3 b5 6. a4 b4 7. Na2 e6 8. Bxc4 a5
9. Qc2 Nbd7 10. b3 c5 11. Bb2 Bb7 12. h3 Rc8 13. O-O-O Be7 14. Rhg1 O-O 15. Ne5
Qc7 16. g4 cxd4 17. exd4 Nxe5 18. dxe5 Nd7 19. f4 Ba6 20. Kb1 Bxc4 21. bxc4 Nb6
22. f5 Nxc4 23. fxe6 Na3+ 24. Bxa3 Qxc2+ 25. Ka1 b3 26. exf7+ Rxf7 27. Bb2 Ba3
28. Rb1 Rf2 29. Rgc1 Bxb2+ 30. Rxb2 Qxb2# 0-1

[Event "Mistrzostwa Polski Mlodzikow do lat 10 - Chlopcy"]
[Site "Karpacz"]
[Date "1899-12-30"]
[Round "8.11"]
[White "Borowik, Wojciech"]
[Black "Jarocki, Gabriel"]
[Result "0-1"]
[WhiteTitle "II"]
[BlackTitle "II"]
[WhiteElo "1361"]
[BlackElo "1241"]

1. c4 e5 2. Nc3 Nc6 3. Nf3 Nf6 4. g3 Bb4 5. Bg2 O-O 6. O-O Bxc3 7. dxc3 d6 8. Bg5
h6 9. Be3 Bd7 10. Qc1 Ng4 11. Bd2 f5 12. h3 Nf6 13. Nh4 Qe8 14. Bf3 e4 15. Bh1
Ne5 16. b3 Qh5 17. Ng2 Qxh3 18. Nf4 Qg4 19. Bg2 Rf7 20. Kh2 Nh5 21. Bh3 Qg5 22.
Ne6 Qe7 23. Nxc7 Rc8 24. Nd5 Qe6 25. Rh1 Bc6 26. Ne3 Ng4+ 27. Kg1 Nhf6 28. Ng2
g5 29. Be3 Nxe3 30. Nxe3 g4 31. Bg2 Nh7 32. Nc2 Ng5 33. Nd4 Qg6 34. Qf4 Rf6 35.
Rd1 Rd8 36. Nc2 Ne6 37. Qe3 a6 38. Nb4 Qg5 39. Qb6 f4 40. Nxc6 bxc6 41. Bxe4 fxg3
42. fxg3 Qe5 43. Qe3 Kg7 44. Rd3 Nc5 45. Rd4 Rdf8 46. Kg2 Rf2+ 47. Kg1 Rf1+ 48.
Kg2 R8f2+ 49. Qxf2 Rxf2+ 50. Kxf2 Nxe4+ 51. Ke1 Qxg3+ 52. Kd1 Qe3 53. Rd3 Nf2+
54. Kc2 Qxe2+ 55. Rd2 Qe4+ 56. Kb2 Qxh1 57. Rxf2 g3 58. Rc2 g2 59. Rxg2+ Qxg2+
60. Ka3 h5 61. c5 d5 62. c4 d4 63. b4 Qc2 64. b5 Qc3+ 65. Ka4 a5 66. bxc6 Qb4#
0-1